000 00829nas a2200265 4500
001 BR0703062
003 BR-BrBNA
005 20231205110841.0
007 ta
008 230509b bl.|||p| |||| 00| 00por d
040 _aBR-BrBNA
_bpor
_cBiblioteca Nacional de Agricultura
041 _a(Pt)
072 _aF30
100 1 _aKerr, W.E.
100 1 _aSilva, F.R. da
100 1 _aTchucarramae, B.
245 1 _aPequi (Caryocar brasiliense Camb.). Informações preliminares sobre um pequi sem espinhos no caroço
650 _aPEQUI
650 _aMELHORAMENTO GENÉTICO VEGETAL
650 _aVARIEDADE
650 _aMATO GROSSO
773 0 _tRevista Brasileira de Fruticultura (Brazil)
_xISSN 0100-2945
_g(Apr 2007), v. 29(1) p. 169-171
_wBR0703062
909 _a202311
_bLúcia
_c55
_dLúcia Elande
942 _2AGRIS
_n0
_cANA
999 _c189414
_d189414